000 00641nam a2200205Ia 4500
001 9459
003 GE_BSU
008 181216s||||||||xx |||||||||||||| ||und||
040 _cGE_BSU
080 _a821.353.1–1
100 _aმაჭავარიანი,მუხრან
245 _aლექსები
245 _cრედ.გ.ხუხაშვილი,მხატვ.გ.გულისაშვილი,ვ.ტოროტაძე
260 _aთბილისი
260 _bსახელგამი
260 _c1955
300 _a144გვ.23სმ.
653 _aლექსები
942 _cBK
999 _c42753
_d42753